Home Print Resources E-Books E-Journals IIMT Lecture Series Library Membership Form Book Recommendation Form Campus Tour Take AdmissionAbout Us Contact Us

TEN BEST BOOKS (Record no. 55607)

000 -LEADER
fixed length control field 00319nam a22001337a 4500
003 - CONTROL NUMBER IDENTIFIER
control field OSt
005 - DATE AND TIME OF LATEST TRANSACTION
control field 20230608091633.0
008 - FIXED-LENGTH DATA ELEMENTS--GENERAL INFORMATION
fixed length control field 220920b xxu||||| |||| 00| 0 eng d
040 ## - CATALOGING SOURCE
Transcribing agency IIMT UNIVERSITY, MEERUT
245 ## - TITLE STATEMENT
Title TEN BEST BOOKS
260 ## - PUBLICATION, DISTRIBUTION, ETC.
Place of publication, distribution, etc. RDI PUB. PVT. LTD.
Name of publisher, distributor, etc. NEW YORK
Date of publication, distribution, etc. 1992
300 ## - PHYSICAL DESCRIPTION
Extent 230
942 ## - ADDED ENTRY ELEMENTS (KOHA)
Source of classification or shelving scheme
Koha item type Specimen
Holdings
Withdrawn status Lost status Source of classification or shelving scheme Damaged status Not for loan Home library Current library Date acquired Barcode Date last seen Uniform Resource Identifier Price effective from Koha item type
          IIMT University Central Library Meerut IIMT University Central Library Meerut 09/20/2022 28-S-555 09/20/2022 Literary history and criticism 09/20/2022 Specimen
IIMT, Central Library. All Rights Reserved IIMT,UNIVERSITY © 2023
Implemented and Customised by I CLOUDE EMS
You Are OPAC Visitor No
free web counter

Powered by Koha